000 00495nam a2200181Ia 4500
001 20165
005 20260306172746.0
008 260306t2024||||xx |||||||||||||| ||spa||
041 _aESP
082 _a342.811
_bG86
100 _aGuerra-Cerrón, María Elena,
_eAUT
245 0 _aEl acceso a la justicia de las personas jurídicas :
_bámbito nacional y supranacional
260 _c2024
300 _a319 páginas :
_c25 cm.
650 _aGEN
654 _aCDE
942 _cLIB
_dJUS
_fJUS
_2ddc
_n
999 _c20165
_d20165